000 01316cam a22003617a 4500
003 CHAP
005 20220329142441.0
008 010301d2000 mx a r 00110 spa d
010 _a83674
011 _a84646
035 _a95171
040 _cCHAP
090 _aTesis
100 0 0 _aCarrillo Romero Susana.
_919532
245 1 0 _aIdentificación del agente causal y susceptibilidad de cuatro especies de pitaya (Stenocereus spp) a la pudrición del cuello
_c/por Susana Carrillo Romero
260 _aChapingo, Méx. :
_bEl autor,
_c2000.
300 _a56 h. :
_bilus.
502 _aTesis (Ing. Agr. Esp. en Parasitología Agrícola) -- UACH. Departamento de Parasitología Agrícola
590 _aALEPH
_b10
_c20130110
_lUCH01
_h1441
590 _aBATCH-UPD
_b10
_c20130110
_lUCH01
_h0753
590 _aBATCH-UPD
_b10
_c20130410
_lUCH01
_h0433
590 _aBATCH-UPD
_b10
_c20130914
_lUCH01
_h0805
590 _aCONVERSION
_b10
_c20130109
_lUCH01
_h1346
650 1 4 _aCactáceas
_xEnfermedades.
_917003
650 1 4 _aCactáceas
_zJalisco.
_917021
650 1 4 _aCultivos en invernadero.
_930376
650 1 4 _aStenocereus.
_9109642
901 _aBK
905 _aLilia Sánchez G.
942 _cFOLL
949 _bBC
_cTES
_d33724000817912
_eTS2
_fc.2
_h37951
_i95171
_si
949 _bBC
_cTES
_d951711
_eTS1
_h37950
_i95171
_sb
999 _c83674
_d83674